000 00804nam a2200253Ia 4500
003 OSt
005 20251117160757.0
008 210210b2008 xxu||||| |||| 00| 0 eng d
040 _cAL
041 _aKannada
082 _aK894.109 VIJP
100 _aVIJAYASHANKARA (S R) Ed
_9132052
_dವಿಜಯಶಂಕರ.ಎಸ್.ಆರ್.
245 _aPratimaloka: Gopalakrashna Adiga maru odu
_b ಪ್ರತಿಮಾಲೋಕ - ಗೋಪಾಲಕೃಷ್ಣ ಅಡಿಗ ಮರು ಓದು
260 _aBengaluru
_bAnkita Pustaka
_c2008
300 _a360
650 _aPratimaloka
_9132053
650 _aodu
_9132054
650 _amaru
_9132055
650 _aGopalakrashna
_9132056
650 _aAdiga
_9132057
690 _aKannada Poetry Criticism
_9132058
906 _a063937
942 _2ddc
_cBK
999 _c139247
_d139247